KATSEYE - Quiz Ultime - Statistiques

Statistiques générales
  • Ce quiz a été pris 1 102 fois
    100 depuis la dernière actualisation
  • Le résultat moyen est 33 sur 68
Statistiques - réponses
Hint Réponse % Correct
Lara Classement du survival show 2ème
98%
Survival show Nombre de participantes 20
97%
Survival show Membre choisit par le jury Daniela / Lara / Megan / Sophia
92%
Informations générales Année de formation 2023
88%
Informations générales Année de début 2024
88%
Sophia Classement du survival show 1ère
85%
Informations générales Agence américaine Geffen Records
83%
Informations générales Agence coréenne HYBE
83%
Survival show Membre ayant reçu le plus de vote du public Sophia
83%
Daniela Classement du survival show 3ème
80%
Manon Classement du survival show 6ème
77%
Daniela Couleur Bleu
77%
Informations générales Nom des fans Eyekons
77%
Survival show Survival Show où le groupe s'est formé The Debut: Dream Academy
77%
Yoonchae Classement du survival show 4ème
75%
Manon Couleur Jaune
75%
Megan Classement du survival show 5ème
72%
Lara Couleur Vert
72%
Sophia Couleur Violet
72%
Autres Membre actuellement en hiatus Manon
70%
Yoonchae Couleur Rose
70%
Albums et EP 2025 Beautiful Chaos
62%
Albums et EP 2024 SIS (Soft Is Strong)
58%
Manon Nationalité Suisse - Ghana
58%
Daniela Nationalité Cuba - Venezuela - États-Unis (Atlanta)
55%
Lara Nationalité Inde - États-Unis (Los Angeles)
55%
Megan Nationalité Chine - Singapour - États-Unis (Hawai)
53%
Yoonchae Position Maknae
53%
Daniela Signe astrologique Cancer
52%
Manon Signe astrologique Cancer
52%
Daniela Position Danseuse
52%
Sophia Nationalité Philippines
52%
Sophia Position Leader
48%
Sophia Signe astrologique Capricorne
47%
Albums et EP 2026 WILD
47%
Lara Position Chanteuse
45%
Manon Position Visuel
45%
Megan Position All rounder
42%
Yoonchae Signe astrologique Sagittaire
42%
Megan Signe astrologique Verseau
40%
Yoonchae Nationalité Corée du Sud
38%
Megan Charm Dual Cherry
37%
Lara Signe astrologique Scorpion
37%
Lara Charm Limitless Key
35%
Daniela Charm Guardian Shield
33%
Megan Couleur Pêche
33%
Yoonchae Charm Soothing Shell
33%
Sophia Charm Dream Anchor
30%
Autres Série-documentaire Netflix retraçant l'histoire du groupe Pop Star Academy: KATSEYE
28%
Manon Charm Stellar Tiara
27%
Megan Anniversaire 10 février 2006
25%
Manon Anniversaire 26 juin 2002
25%
Sophia Anniversaire 31 décembre 2002
25%
Daniela Anniversaire 1er juillet 2004
23%
Daniela Nom complet Daniela Andrea Avanzini Llorente
23%
Daniela Poupée Monster High Loup Garou
23%
Megan Nom complet Megan Meiyok Skiendiel
23%
Lara Anniversaire 3 novembre 2005
22%
Yoonchae Nom complet Jeung Yoonchae
22%
Manon Nom complet Meret Manon Bannerman
22%
Yoonchae Anniversaire 6 décembre 2007
20%
Lara Nom complet Lara Rajagopalan
20%
Sophia Nom complet Sophia Elizabeth Guevara Laforteza
15%
Manon Poupée Monster High Mami Wata / Monstre marin
10%
Megan Poupée Monster High Húli Jīng
3%
Yoonchae Poupée Monster High Jangsanbeom
2%
Sophia Poupée Monster High Manananggal
2%
Lara Poupée Monster High Rakshasa
2%
Aucun quiz correspondant
Distribution des résultats
% des personnes avec chaque résultat
Percentile par nombre de réponses
Votre historique - résultats
Vous n’avez pas pris ce quiz depuis la dernière actualisation